Analýza investícií do informačných systémov v oblasti logistiky

Analýza využívania informačných systémov v podnikoch poskytujúcich logistické služby.Využívanie informačných systémov v podnikoch využívajúcich logistické služby.

Salvato in:
Dettagli Bibliografici
Autore principale: Šalaga, Vladimír
Altri autori: Viglašová, Zuzana
Natura: Capitolo di libro
Lingua:slovacco
Soggetti:
Tags: Aggiungi Tag
Nessun Tag, puoi essere il primo ad aggiungerne!!

MARC

LEADER 00000nla a2200000 4500
001 0162512
005 20220722095939.0
041 0 |a slo 
044 |a SK 
245 1 0 |a Analýza investícií do informačných systémov v oblasti logistiky  |c Vladimír Šalaga, Zuzana Viglašová 
520 |a Analýza využívania informačných systémov v podnikoch poskytujúcich logistické služby.Využívanie informačných systémov v podnikoch využívajúcich logistické služby. 
610 2 0 |a podnik logistický 
610 2 0 |a služby logistické 
610 2 0 |a analýza ekonomická 
610 2 0 |a systémy informačné logistické 
100 1 |a Šalaga, Vladimír 
700 1 |a Viglašová, Zuzana